The House Across The Street / (رقم التسجيلة. 116522)

تفاصيل مارك
000 -LEADER
fixed length control field 00532nam a22001937a 4500
005 - DATE AND TIME OF LATEST TRANSACTION
control field 20251108174728.0
008 - FIXED-LENGTH DATA ELEMENTS--GENERAL INFORMATION
fixed length control field 250721s2002 xx 000 0 eng d
020 ## - INTERNATIONAL STANDARD BOOK NUMBER
International Standard Book Number 786809108
082 14 - DEWEY DECIMAL CLASSIFICATION NUMBER
Classification number J/F/FEI technology
100 1# - MAIN ENTRY--PERSONAL NAME
Personal name feiffer, jules
Relator term AUTH.
245 14 - TITLE STATEMENT
Title The House Across The Street /
264 1# - PRODUCTION, PUBLICATION, DISTRIBUTION, MANUFACTURE, AND COPYRIGHT NOTICE
Place of production, publication, distribution, manufacture د.م :
Name of producer, publisher, distributor, manufacturer michael di capua books,
Date of production, publication, distribution, manufacture, or copyright notice 2002.
300 ## - PHYSICAL DESCRIPTION
Extent [30 P]
650 17 - SUBJECT ADDED ENTRY--TOPICAL TERM
Topical term or geographic name as entry element FICTION
650 17 - SUBJECT ADDED ENTRY--TOPICAL TERM
Topical term or geographic name as entry element CHILDREN
653 ## - INDEX TERM--UNCONTROLLED
Uncontrolled term اطفال مرحله متوسطه ( 6 - 9 سنوات )
942 ## - ADDED ENTRY ELEMENTS (KOHA)
Source of classification or shelving scheme Dewey Decimal Classification
Koha item type كتب
المقتنيات
حالة السحب حالة الفقدان مصدر التصنيف حالة التلف غير قابل للإعارة المكتبة الرئيسية المكتبة الحالية موقع الرف تاريخ التزويد الرقم المتسلسل Total Checkouts رقم الإستدعاء الباركود تاريخ آخر ظهور تاريخ الفاتورة نوع المادة (كوها)
    Dewey Decimal Classification   Not For Loan المكتبة المركزية المكتبة المركزية مقتنيات قسم التزويد 28/07/2025 1277182   J/F/FEI technology PLD00090447 28/07/2025 28/07/2025 كتب
    Dewey Decimal Classification     مكتبة الراية الهاشمية للأطفال مكتبة الراية الهاشمية للأطفال الأطفال 17/05/2009 1277188   J/F/FEI technology PLD00091460 28/07/2025 17/05/2009 كتب
    Dewey Decimal Classification     مكتبة ومركز فرح مكتبة ومركز فرح الأطفال 17/05/2009 1277183   J/F/FEI technology PLD00091455 28/07/2025 17/05/2009 كتب
    Dewey Decimal Classification     مكتبةمؤتة مكتبةمؤتة الأطفال 17/05/2009 1277185   J/F/FEI technology PLD00091457 28/07/2025 17/05/2009 كتب
Implemented & Customized by: BBB with SCIT (Smart Chains for Information Technology)

Powered by Koha